00747nam a2200277 u 450000100070000000500170000700700100002400800410003403500170007503500210009204000130011304100080012608000120013411000220014624500430016826000450021130000130025665000130026965000280028265000260031065000330033665000200036965000250038965000370041465000180045181368520260506093333.0co|||||||021004e19981001 spa  a813685z2084 a(OCoLC)777699519 ccomduadb aspa aI-1360020aIncomex4auteaut10aComexcol : normas de comercio exterior aSantafé de Bogotá :bIncomex,c1998. a1 CD-ROM aDisquete 7aComercio exterior2lemb aLegislacion comercial 7aComercio internacional2lemb 7aImportaciones2 aAcuerdos comerciales aPromoción de las exportaciones aExportaciones